OPERATIONS MANAGEMENT (Record no. 21798)

MARC details
000 -LEADER
fixed length control field 00352nam a2200145Ia 4500
008 - FIXED-LENGTH DATA ELEMENTS--GENERAL INFORMATION
fixed length control field 240624s9999 xx 000 0 und d
041 ## - LANGUAGE CODE
Language code of text/sound track or separate title eng
082 ## - DEWEY DECIMAL CLASSIFICATION NUMBER
Classification number 658.5 HEI
100 ## - MAIN ENTRY--PERSONAL NAME
Personal name HEIZER JAY
245 ## - TITLE STATEMENT
Title OPERATIONS MANAGEMENT
250 ## - EDITION STATEMENT
Edition statement (9th ed.)
260 ## - PUBLICATION, DISTRIBUTION, ETC.
Date of publication, distribution, etc. 2009
Place of publication, distribution, etc. New Delhi
Name of publisher, distributor, etc. Pearson Education India
300 ## - PHYSICAL DESCRIPTION
Extent 808 : p.
365 ## - TRADE PRICE
Currency code RS
Price amount 27.5
Holdings
Withdrawn status Lost status Damaged status Not for loan Home library Current library Shelving location Date acquired Source of acquisition Cost, normal purchase price Full call number Barcode Date last seen Copy number Price effective from Koha item type
        IMTN IMTN Rack 34-A 09/18/2013 IBH 725.00 658.5 HEI 21798 06/24/2024 1 06/24/2024 Books
Designed & Maintained by: LRC IMT Nagpur Contact: lrc@imtnag.ac.in© 2024. All Rights Reserved.